Normal view
MARC view
- Tretyakov, Sergei.
Entry Personal Name
001 - CONTROL NUMBER
- control field: 2847
003 - CONTROL NUMBER IDENTIFIER
- control field: NUST
005 - DATE AND TIME OF LATEST TRANSACTION
- control field: 20170619103439.0
008 - FIXED-LENGTH DATA ELEMENTS
- fixed length control field: 170619|| aca||aabn | a|a d
040 ## - CATALOGING SOURCE
- Original cataloging agency: NUST
- Transcribing agency: NUST
100 ## - HEADING--PERSONAL NAME
- Personal name: Tretyakov, Sergei.
670 ## - SOURCE DATA FOUND
- Source citation: Work cat.: (NUST)0: Tretyakov, Sergei., Analytical modeling in applied electromagnetics /, c2003.
